| 000 | 01628ngm a22004090a 4500 | ||
|---|---|---|---|
| 001 | PT12692 | ||
| 003 | AR-LpoUNG | ||
| 005 | 20210202000206.0 | ||
| 007 | vd cvaizq | ||
| 008 | 191001s1997||||ag |||||||||||||||||spa d | ||
| 037 | _c$9.96 | ||
| 040 |
_aAR-LpoUNG _bspa _cAR-LpoUNG _eaacr |
||
| 041 | _aspa | ||
| 044 | _aag | ||
| 082 | 0 | _a982.06 766viv | |
| 100 | 1 |
_aPoliak, Ana _edir. |
|
| 245 | 1 | 0 | _aQue vivan los crotos |
| 260 |
_a[Buenos Aires] : _bViada, _c1997. |
||
| 300 | _aVHS (75 min.) : son., col. | ||
| 520 | _aUn día de 1930, José Antonio Ghezzi, picapedero anarquista sin trabajo, abandona su pueblo y durante 25 años camina por las vías del ferrocarril, sumándose al mundo de los crotos, trabajadores nómades por necesidad, que viajando gratis en los trenes de carga levantaban las cosechas de la opulenta Argentina agrícola. Las cámaras, reviven sus amores y visiones del mundo en un collage de miradas del que surge la primordial pregunta: ¿la libertad es posible? | ||
| 650 | 4 | _aCALIDAD DE LA VIDA | |
| 650 | 4 | _aCONDICIONES DE VIDA | |
| 650 | 4 | _aESCASEZ DE VIVIENDA | |
| 650 | 4 | _aINMIGRACION | |
| 650 | 4 | _aINMIGRANTES | |
| 650 | 4 | _aPROBLEMAS SOCIALES | |
| 650 | 4 | _aTRABAJADORES MIGRATORIOS | |
| 653 | _aCINE ARGENTINO | ||
| 653 | _aVIDEOS | ||
| 710 | 2 | _aChannell Four Londres (Londres) | |
| 710 | 2 | _aFundación Nuevo Cine Latinoaméricano (La Habana) | |
| 710 | 2 | _aInstituto Nacional de Cinematografía y Artes Visuales (Argentina) | |
| 710 | 2 | _aNational Film Board of Canadá (Toronto) | |
| 710 | 2 | _aTelevisión Española (Madrid) | |
| 905 | _a12692 | ||
| 942 | _cVIDEO | ||
| 999 |
_c54310 _d54310 |
||